01051nam2a22002171 4500001001100000005001700011021001900028035002600047100004100073101001300114102000700127105001800134200012800152210005100280215001200331461039100343702003500734801001800769801002200787852002400809rc\399254920250611050628.0 aRUb[55-46436] a(NLR Aleph) 008068528 a20130415d1955 |||y0rusy50 ca1 arusceng aRU ay z |||h|1 aСтатьи и речи о денежном обращении и банкахf[Предисл. С. Выгодского] aМоскваcГосполитиздатd1955 a392 с. 01001rc\399254712001#$aСочинения$fПер. под ред. чл.-кор. Акад. наук СССР М.Н. Смит. Т. 1-$vТ. 21700#1$aРикардо$bД.$f1772-1823$gДавидaРикардо, Д. (1772-1823)cМоскваd1955fПер. под ред. чл.-кор. Акад. наук СССР М.Н. Смит. Т. 1-nГосполитиздатtСочиненияvТ. 2 1aВыгодскийbС.4080 0aRUbNLRgpsbo 1aRUbELAR2rusmarc aNLRjЭк14 Г-5/33